Catálogo
 En Linea

Desafíos : (Registro nro. 3749)

Detalles MARC
000 -CABECERA
campo de control de longitud fija 01258nam a2200277 a 4500
001 - NÚMERO DE CONTROL
campo de control 000003930
005 - FECHA Y HORA DE LA ÚLTIMA TRANSACCIÓN
campo de control 20250219074026.0
008 - DATOS DE LONGITUD FIJA--INFORMACIÓN GENERAL
campo de control de longitud fija 090715s2005 dr d 000 0 spa d
020 ## - NÚMERO INTERNACIONAL ESTÁNDAR DEL LIBRO
Número Internacional Estándar del Libro 9993479500
040 ## - FUENTE DE LA CATALOGACIÓN
Centro catalogador/agencia de origen DO-SdBNP
Lengua de catalogación spa
Centro/agencia transcriptor BNPHU
082 ## - NÚMERO DE LA CLASIFICACIÓN DECIMAL DEWEY
Número de clasificación 355.03
Número de documento/Ítem B952d
100 1# - ENTRADA PRINCIPAL--NOMBRE DE PERSONA
Nombre de persona Buret, Regina
9 (RLIN) 11834
245 10 - MENCIÓN DE TÍTULO
Título Desafíos :
Resto del título la nación frente a su política de seguridad /
Mención de responsabilidad, etc. Regina Buret ; edición Isael Pérez ; prólogo Tirso Mejía-Ricart.
246 14 - FORMA VARIANTE DE TÍTULO
Título propio/Titulo breve Desafíos :
Resto del título la nación frente a su política de seguridad. Conceptos de sociedad y seguridad, estado y seguridad, sociedad civil y fuerzas armadas
260 ## - PUBLICACIÓN, DISTRIBUCIÓN, ETC.
Lugar de publicación, distribución, etc. Santo Domingo :
Nombre del editor, distribuidor, etc. Búho,
Fecha de publicación, distribución, etc. 2005.
300 ## - DESCRIPCIÓN FÍSICA
Extensión 239 p. :
Otras características físicas gráf. ;
Dimensiones 22 cm.
500 ## - NOTA GENERAL
Nota general Incluye índice
500 ## - NOTA GENERAL
Nota general En la cubierta: Conceptos de sociedad y seguridad, estado y seguridad, sociedad civil y fuerzas armadas
504 ## - NOTA DE BIBLIOGRAFÍA, ETC.
Nota de bibliografía, etc. Bibliografía : p. 233-238
590 ## - NOTA LOCAL (RLIN)
Nota local Inventariado, 2018/ YL
650 #4 - PUNTO DE ACCESO ADICIONAL DE MATERIA--TÉRMINO DE MATERIA
Término de materia o nombre geográfico como elemento de entrada Relaciones civiles militares
Subdivisión geográfica República Dominicana
9 (RLIN) 11835
651 #4 - PUNTO DE ACCESO ADICIONAL DE MATERIA--NOMBRE GEOGRÁFICO
Nombre geográfico República Dominicana
Subdivisión general Seguridad Nacional
9 (RLIN) 11656
700 1# - PUNTO DE ACCESO ADICIONAL--NOMBRE DE PERSONA
Nombre de persona Pérez, Isael,
Fechas asociadas al nombre 1961-
Término indicativo de función/relación ed.
9 (RLIN) 1414
700 1# - PUNTO DE ACCESO ADICIONAL--NOMBRE DE PERSONA
Nombre de persona Mejía-Ricart G., Tirso,
Fechas asociadas al nombre 1936-2021
Forma completa/desarrollada del nombre (Mejía-Ricart Guzmán)
Término indicativo de función/relación pról.
9 (RLIN) 1569
910 ## - DATOS DE OPCIÓN DEL USUARIO (OCLC)
Datos de opción del usuario Validado. Control de calidad. MMOLINA
Existencias
Estado de retiro Estado de pérdida Restricciones de uso No para préstamo Código de colección Localización permanente Ubicación/localización actual Ubicación en estantería Fecha de adquisición Número de inventario Total de préstamos Signatura topográfica completa Código de barras Fecha visto por última vez Número de copia Precio válido a partir de Tipo de ítem Koha
        Dominicana de Servicio General General Depósito 15.07.2009 LF1   355.03 B952d 3930-30 25.06.2020 e. 3 25.06.2020 Libro y Folleto Colección Dominicana de Servicio
  Extraviado     Dominicana de Servicio General General Extraviado 25.08.2009 LF1   355.03 B952d 3930-40 25.06.2020 e. 4 25.06.2020 Libro y Folleto Colección Dominicana de Servicio
  Extraviado     Dominicana de Servicio General General Extraviado 25.08.2009 LF1   355.03 B952d 3930-50 25.06.2020 e. 5 25.06.2020 Libro y Folleto Colección Dominicana de Servicio
      Excluido de préstamo Patrimonio Dominicano Patrimonio Dominicano Patrimonio Dominicano Depósito 15.07.2009 LF1   355.03 B952d 3930-10 25.06.2020   25.06.2020 Libro y Folleto Colección Patrimonio Dominicano
      Excluido de préstamo Patrimonio Dominicano Patrimonio Dominicano Patrimonio Dominicano Depósito 15.07.2009 LF1   355.03 B952d 3930-20 25.06.2020 e. 2 25.06.2020 Libro y Folleto Colección Patrimonio Dominicano

Con tecnología Koha